| 000 | 00560nam a22001817a 4500 | ||
|---|---|---|---|
| 999 |
_c13619 _d13619 |
||
| 003 | AR-CdUCM | ||
| 008 | 190415b ||||| |||| 00| 0 spa d | ||
| 040 |
_aMUNICIPALIDAD PROVINCIAL DEL CUSCO _cBIBLIOTECA MUNICIPAL DEL CUSCO |
||
| 082 |
_a800.498 / _bG66 |
||
| 100 |
_aGonzález, Odi _932099 |
||
| 245 |
_aTaki Parwa / 22 Poemas : _bKilku Warak'a / |
||
| 260 |
_aLima : _bNavarrete. |
||
| 300 |
_a101 páginas ; _c21cm |
||
| 505 | _aContenido: Poemas | ||
| 710 |
_aBiblioteca Municipal del Cusco _95959 |
||
| 942 |
_2ddc _cLIBROS |
||
| 945 |
_anom _d2019-04-15 |
||